000
00290nam a22001337a 4500
008
181122b xxu||||| |||| 00| 0 eng d
020
_a
2900073379783
041
_a
eng
080
_a
910
100
_a
42
101
_a
GEO
245
_a
The Midle East
_c
William.J.S
942
_2
udc
_c
BK
999
_c
52328
_d
52328